「一回だけ使用されている文字」中国四国編 - Statistics

General Stats
  • This quiz has been taken 365 times
  • The average score is 16 of 20
Answer Stats
文字 県名 解答欄 % Correct
広島県 呉市
99%
廿 広島県 廿日市市
98%
徳島県 三好市
97%
広島県 三次市
97%
香川県 観音寺市
96%
香川県 さぬき市
95%
岡山県 美作市
95%
山口県 美祢市
94%
岡山県 高梁市
93%
岡山県 総社市
92%
鳥取県 伯耆町
92%
島根県 隠岐の島町
91%
香川県 まんのう町
77%
徳島県 藍住町
65%
愛媛県 鬼北町
59%
岡山県 美咲町
59%
愛媛県 砥部町
57%
島根県 知夫村
56%
岡山県 奈義町
51%
高知県 檮原町
50%
No matching quizzes found
Score Distribution
Percent of People with Each Score
Percentile by Number Answered
Your Score History
You have not taken this quiz